Welcome to the Holygrace Academy Library

Please use search bar below to get started

ESSAYS AND COMPREHENSION (Record no. 8863)

MARC details
000 -LEADER
fixed length control field 00262nam a22001097a 4500
082 ## - DEWEY DECIMAL CLASSIFICATION NUMBER
Classification number 425
Item number KIS/E
100 ## - MAIN ENTRY--AUTHOR NAME
Personal name KISHOR
245 ## - TITLE STATEMENT
Title ESSAYS AND COMPREHENSION
246 ## - VARYING FORM OF TITLE
Title proper/short title ESSAYS AND COMPREHENSION
Remainder of title ESSAYS AND COMPREHENSION
650 ## - SUBJECT ADDED ENTRY--TOPICAL TERM
Topical Term ENGLISH GRAMMAR
942 ## - ADDED ENTRY ELEMENTS (KOHA)
Koha item type Books
Holdings
Withdrawn status Lost status Collection code Home library Current library Date acquired Full call number Accession Number Koha item type
  Lost Reference Main Library Main Library 07/08/2024 425 KIS/E 00859 Books